Así es Cataluña (Record no. 9349)

MARC details
000 -CABECERA
campo de control de longitud fija 00981nam a2200253 a 4500
001 - NÚMERO DE CONTROL
campo de control BRL_537
005 - FECHA Y HORA DE LA ÚLTIMA TRANSACCIÓN
campo de control 20190320210805.0
008 - DATOS DE LONGITUD FIJA--INFORMACIÓN GENERAL
campo de control de longitud fija 020913s1987----sp-a######---#000-0#spa-#
020 ## - NÚMERO INTERNACIONAL ESTÁNDAR DEL LIBRO
Número Internacional Estándar del Libro 8401573131
041 ## - CÓDIGO DE LENGUA
Código de lengua del texto/banda sonora o título independiente spa
044 ## - CÓDIGO DEL PAÍS DE LA ENTIDAD EDITORA/PRODUCTORA
Código MARC del país sp
050 #4 - SIGNATURA TOPOGRÁFICA DE LA BIBLIOTECA DEL CONGRESO
Número de clasificación NA1309.C2
Número de documento/Ítem .P53 1987
100 1# - ENTRADA PRINCIPAL--NOMBRE DE PERSONA
Nombre de persona Pladevall, Antoni
9 (RLIN) 24236
245 10 - MENCIÓN DE TÍTULO
Título Así es Cataluña
Resto del título guía del patrimonio arquitectónico
Mención de responsabilidad, etc. Generalitat de Catalunya, Departament de Cultura, Direccioì General del Patrimoni Artisti ; textos, Antoni Pladevall i Font, con la colaboración de Montserrat Pagès i Paretas
260 ## - PUBLICACIÓN, DISTRIBUCIÓN, ETC.
Lugar de publicación, distribución, etc. Barcelona
Nombre del editor, distribuidor, etc. Plaza & Janés
Fecha de publicación, distribución, etc. 1987
300 ## - DESCRIPCIÓN FÍSICA
Extensión 515 p.
Otras características físicas il., mapas
Dimensiones 23 cm.
500 ## - NOTA GENERAL
Nota general Au561
650 14 - PUNTO DE ACCESO ADICIONAL DE MATERIA--TÉRMINO DE MATERIA
Término de materia o nombre geográfico como elemento de entrada Arquitectura
Subdivisión de forma Guías
Subdivisión geográfica España, Cataluña
9 (RLIN) 24237
650 14 - PUNTO DE ACCESO ADICIONAL DE MATERIA--TÉRMINO DE MATERIA
Término de materia o nombre geográfico como elemento de entrada Edificios históricos
Subdivisión de forma Guías
Subdivisión geográfica España, Cataluña
9 (RLIN) 24238
700 1# - PUNTO DE ACCESO ADICIONAL--NOMBRE DE PERSONA
Nombre de persona Pagès i Paretas, Montserrat
9 (RLIN) 24239
710 2# - PUNTO DE ACCESO ADICIONAL--NOMBRE DE ENTIDAD CORPORATIVA
Nombre de entidad corporativa o nombre de jurisdicción como elemento de entrada Cataluña (España)
Unidad subordinada Direcció General del Patrimoni Artístic
9 (RLIN) 24240
902 ## - CATALOGADOR
Iniciales GRL
942 ## - ELEMENTOS DE PUNTO DE ACCESO ADICIONAL (KOHA)
Fuente del sistema de clasificación o colocación Library of Congress Classification
Tipo de ítem Koha Libros
Holdings
Estado de retiro Estado de pérdida Estado dañado No para préstamo Localización permanente Ubicación/localización actual Fecha de adquisición Número de inventario Total de préstamos Signatura topográfica completa Código de barras Fecha visto por última vez Precio válido a partir de Tipo de ítem Koha
El ejemplar forma parte de la colección y puede ser consultado según las políticas vigentes.       Biblioteca Centro de Estudios Ruth D. Lechuga Biblioteca Centro de Estudios Ruth D. Lechuga 02/09/2013 Au561   NA1309.C2 .P53 1987 (Au561) GRL00593 22/03/2019 22/03/2019 Libros